000 01099cab a2200325 4500
001 ABS46999
008 090401t1992 xxu||||| |||| 00| 0 eng d
035 _a(Sirsi) u60322
041 _aeng
245 _aSpringboards to Europe
260 _c1992
350 _a0
490 _aEstates Times
_v(1155) 7 August 1992, 13-17(5)
520 _aIllustrates the impact of increased cargo handling and the abolition of the dock labour scheme on UK airports and ports by looking at Southampton, Harwich and Tilbury and the airports of Coventry, Bournemouth and Norwich. Also looks at road-to-rail freight villages, which are a result of the Channel tunnel routes.
650 _aAIRPORTS
650 _aBOURNEMOUTH
650 _aCARGO HANDLING
650 _aCHANNEL TUNNEL
650 _aCOVENTRY
650 _aEUROPE
650 _aHARWICH
650 _aNORWICH
650 _aPORTS
650 _aSOUTHAMPTON
650 _aTILBURY
690 _aPROPERTY-COMMERCIAL PROPERTY-COMMERCIAL PROPERTY MARKET
690 _aTRANSPORT AND COMMUNICATIONS
942 _n0
948 _c04/03/1997
999 _c37179
_d37179